Ezra Miller Movies - Statistics

General Stats
  • This quiz has been taken 8 times
    6 since last reset
  • The average score is 4 of 21
Answer Stats
Hint Answer % Correct
2022 The Flash
100%
2016 Fantastic Beasts and Where to Find them
60%
2017 Justice League
60%
2016 Batman V. Superman: Dawn of Justice
40%
2012 The Perks of Being a Wallflower
40%
2022 Fantastic Beasts and Where to Find Them 3
20%
2016 Suicide Squad
20%
2021 Zack Snyder's Justice League
20%
2008 Afterschool
0%
2011 Another Happy Day
0%
2021 Asking for It
0%
2010 Beware the Gonzo
0%
2009 City Island
0%
TBD Dali Land
0%
2010 Every Day
0%
2018 Fantastic Beasts: The Crimes of Grindelwald
0%
2014 Madame Bovary
0%
2021 Neptune Frost
0%
2015 The Stanford Prison Experiment
0%
2015 Trainwreck
0%
2011 We Need to Talk About Kevin
0%
No matching quizzes found
Score Distribution
Percent of People with Each Score
Percentile by Number Answered
Your Score History
You have not taken this quiz since the last reset